<?xml version="1.0" encoding="UTF-8"?>
<collection xmlns:xsi="http://www.w3.org/2001/XMLSchema-instance" xsi:schemaLocation="http://www.loc.gov/MARC21/slim http://www.loc.gov/standards/marcxml/schema/MARC21slim.xsd" xmlns="http://www.loc.gov/MARC21/slim">
 <record>
  <leader>00000dmm a22000003i 4500</leader>
  <controlfield tag="001">UP-1685594773862197234</controlfield>
  <controlfield tag="003">Buklod</controlfield>
  <controlfield tag="005">20241204160553.0</controlfield>
  <controlfield tag="006">g||| |     ||   ||</controlfield>
  <controlfield tag="007">ta</controlfield>
  <controlfield tag="008">241204s2007    xx     |     ||   ||fil d</controlfield>
  <datafield tag="035" ind1=" " ind2=" ">
   <subfield code="a">(iLib)UPBAG-00038073772</subfield>
  </datafield>
  <datafield tag="040" ind1=" " ind2=" ">
   <subfield code="a">BAG</subfield>
   <subfield code="e">rda</subfield>
  </datafield>
  <datafield tag="041" ind1="1" ind2=" ">
   <subfield code="a">fil</subfield>
  </datafield>
  <datafield tag="090" ind1=" " ind2="0">
   <subfield code="a">VDR-1158</subfield>
  </datafield>
  <datafield tag="245" ind1="0" ind2="0">
   <subfield code="a">Sibak</subfield>
   <subfield code="h">[videorecording]</subfield>
   <subfield code="b">midnight dancers</subfield>
   <subfield code="c">Tangent Films International ; director, Mel Chionglo; screenwriter, Ricardo Lee.</subfield>
  </datafield>
  <datafield tag="264" ind1=" " ind2="1">
   <subfield code="a">Quezon City, Philippines</subfield>
   <subfield code="b">Viva Video Inc.</subfield>
   <subfield code="c">2007.</subfield>
  </datafield>
  <datafield tag="300" ind1=" " ind2=" ">
   <subfield code="a">2 videodiscs (approximately 100 minutes)</subfield>
   <subfield code="b">sound, color</subfield>
   <subfield code="c">4 3/4 inches</subfield>
  </datafield>
  <datafield tag="336" ind1=" " ind2=" ">
   <subfield code="a">two-dimensional moving image</subfield>
   <subfield code="b">tdi</subfield>
   <subfield code="2">rdacontent</subfield>
  </datafield>
  <datafield tag="337" ind1=" " ind2=" ">
   <subfield code="a">video</subfield>
   <subfield code="2">rdamedia</subfield>
  </datafield>
  <datafield tag="338" ind1=" " ind2=" ">
   <subfield code="a">videodisc</subfield>
   <subfield code="b">vd</subfield>
   <subfield code="2">rdacarrier</subfield>
  </datafield>
  <datafield tag="508" ind1=" " ind2=" ">
   <subfield code="a">Cinematographer, George Tutanes; production design, Edgar Martin, Litaua Pdgp; editor, Jess Navaro; music, Nonong Buencamino &amp; Roman Reyes.</subfield>
  </datafield>
  <datafield tag="511" ind1="0" ind2=" ">
   <subfield code="a">Alex Del Rosario, Gandong Cervantes, Lawrence David, Luis Cortes, Richard Cassity, Danny Ramos, John Mendoza, Leonard Manalansan.</subfield>
  </datafield>
  <datafield tag="516" ind1=" " ind2=" ">
   <subfield code="a">VCD, full-screen (4:3), NTSC.</subfield>
  </datafield>
  <datafield tag="520" ind1=" " ind2=" ">
   <subfield code="a">Three young and good-looking brothers live with and support their parents in Manila; they dance at the male Club Exotica and work as &quot;call boys.&quot; Joel has a wife and child; he and Dennis are saving money to buy back lost family land. Sonny has dropped out of university and sees dancing as a way to make money for now. Joel has a regular boyfriend as well; Sonny spends time with Michelle, a transvestite; Dennis and his pals steal car radios. When their nanay takes in a homeless youth who is not what he appears to be, a chain of events is set in motion that brings tragedy. Is there any salvation in this late-night world of &quot;macho dancing&quot; and prostitution?</subfield>
  </datafield>
  <datafield tag="546" ind1=" " ind2=" ">
   <subfield code="a">In Tagalog, with English subtitles.</subfield>
  </datafield>
  <datafield tag="650" ind1=" " ind2="0">
   <subfield code="a">Male prostitution</subfield>
   <subfield code="z">Philippines</subfield>
   <subfield code="v">Drama.</subfield>
  </datafield>
  <datafield tag="650" ind1=" " ind2="0">
   <subfield code="a">Brothers</subfield>
   <subfield code="z">Philippines</subfield>
   <subfield code="v">Drama.</subfield>
  </datafield>
  <datafield tag="650" ind1=" " ind2="0">
   <subfield code="a">Stripteasers</subfield>
   <subfield code="z">Philippines</subfield>
   <subfield code="v">Drama.</subfield>
  </datafield>
  <datafield tag="650" ind1=" " ind2="0">
   <subfield code="a">Feature films.</subfield>
  </datafield>
  <datafield tag="700" ind1="1" ind2=" ">
   <subfield code="a">Chionglo, Mel</subfield>
   <subfield code="e">director.</subfield>
  </datafield>
  <datafield tag="700" ind1="1" ind2=" ">
   <subfield code="a">Lee, Ricardo</subfield>
   <subfield code="e">screenwriter.</subfield>
  </datafield>
  <datafield tag="710" ind1="1" ind2=" ">
   <subfield code="a">Tangent Films International (Firm).</subfield>
  </datafield>
  <datafield tag="905" ind1=" " ind2=" ">
   <subfield code="a">FI</subfield>
  </datafield>
  <datafield tag="852" ind1="0" ind2=" ">
   <subfield code="a">UPBAG</subfield>
   <subfield code="b">UPBAG-MAIN</subfield>
   <subfield code="h">BC-VDR-1158</subfield>
  </datafield>
  <datafield tag="942" ind1=" " ind2=" ">
   <subfield code="a">Visual Material</subfield>
  </datafield>
 </record>
</collection>
